El libro Prohibido / (Registro nro. 13920)

000 -CABECERA
campo de control de longitud fija 00621nam a2200217 a 4500
001 - NÚMERO DE CONTROL
campo de control 1171933
003 - IDENTIFICADOR DEL NÚMERO DE CONTROL
campo de control OSt
005 - FECHA Y HORA DE LA ÚLTIMA TRANSACCIÓN
campo de control 20211026161847.0
008 - DATOS DE LONGITUD FIJA--INFORMACIÓN GENERAL
campo de control de longitud fija 081105s2007 uy a gr 00010dspa d
020 ## - NÚMERO INTERNACIONAL ESTÁNDAR DEL LIBRO
Número Internacional Estándar del Libro 9789585211759
040 ## - FUENTE DE LA CATALOGACIÓN
Centro catalogador/agencia de origen CO-MqBPB
Lengua de catalogación spa
Centro/agencia transcriptor CO-MqBPB
043 ## - CÓDIGO DE ÁREA GEOGRÁFICA
Código de área geográfica s-uy---
082 04 - NÚMERO DE LA CLASIFICACIÓN DECIMAL DEWEY
Número de clasificación AN
Número de documento/Ítem SILl
100 1# - ENTRADA PRINCIPAL--NOMBRE DE PERSONA
Nombre de persona Silva, Sebasti�n da,
Fechas asociadas al nombre 1993 -
245 10 - MENCIÓN DE TÍTULO
Título El libro Prohibido /
Mención de responsabilidad, etc. Sebastián Silva,
250 ## - MENCIÓN DE EDICIÓN
Mención de edición Primera Edición
260 3# - PUBLICACIÓN, DISTRIBUCIÓN, ETC.
Lugar de publicación, distribución, etc. Bogotá :
Nombre del editor, distribuidor, etc. Penguin Random House Grupo Editorial S.A.S,
Fecha de publicación, distribución, etc. 2020.
300 ## - DESCRIPCIÓN FÍSICA
Extensión 245 p.
Otras características físicas il. ;
Dimensiones 21 cm.
942 ## - ELEMENTOS DE PUNTO DE ACCESO ADICIONAL (KOHA)
Fuente del sistema de clasificación o colocación
Tipo de ítem Koha Libro Literatura
949 ## - PROCESAMIENTO DE INFORMACIÓN LOCAL (OCLC)
a n
b n
Existencias
Estado de retiro Estado de pérdida Fuente del sistema de clasificación o colocación Estado dañado No para préstamo Código de colección Localización permanente Ubicación/localización actual Fecha de adquisición Fuente de adquisición Número de inventario Total de préstamos Renovaciones totales Signatura topográfica completa Código de barras Fecha visto por última vez Fecha del último préstamo Número de copia Precio válido a partir de Tipo de ítem Koha Nota pública
          Literatura Adulto Biblioteca Pública San Juan Bosco Biblioteca Pública San Juan Bosco 26/10/2021 Compra BPSJBM 2021 NT 6 1 AN SILl MOS501848 01/04/2026 16/03/2026 EJ. 1 26/10/2021 Libro Literatura Quince días
          Literatura Adulto Biblioteca Pública San Juan Bosco Biblioteca Pública San Juan Bosco 26/10/2021 Compra BPSJBM 2021 NT 7   AN SILl MOS501849 19/07/2025 14/07/2025 EJ. 2 26/10/2021 Libro Literatura Quince días

© Todos los derechos reservados para la Biblioteca Pública Municipal San Juan Bosco, 2020
Secretaria de Cultura de Mosquera
Carrera 3 N° 10 Esquina Centro Cultural Barrio El Carmén Teléfono: 8270830 Ext: 34
Funcionando con KOHA
Contacto: Biblioteca Pública Municipal San Juan Bosco/ bibliotecasanjuanbosco@mosquera-cundinamarca.gov.co
Mosquera, Cundinamarca